The Penguin dictionary of geography / (Record no. 136)
[ view plain ]
| 000 -LEADER | |
|---|---|
| fixed length control field | 00805nam a2200277 a 4500 |
| 001 - CONTROL NUMBER | |
| control field | 136 |
| 003 - CONTROL NUMBER IDENTIFIER | |
| rucl marc code | BD-RjUL |
| 005 - DATE AND TIME OF LATEST TRANSACTION | |
| control field | 20211208233123.0 |
| 008 - FIXED-LENGTH DATA ELEMENTS--GENERAL INFORMATION | |
| fixed length control field | 150129s2003 enkab d 000 0 eng |
| 020 ## - INTERNATIONAL STANDARD BOOK NUMBER | |
| International Standard Book Number | 9780140515053 |
| International Standard Book Number | 0140515054 |
| 035 ## - SYSTEM CONTROL NUMBER | |
| System control number | (BD-RjUL)148 |
| 040 ## - CATALOGING SOURCE | |
| Original cataloging agency | DLC |
| Transcribing agency | DLC |
| Modifying agency | DLC |
| -- | BD-RjUL |
| Language of cataloging | eng |
| 041 ## - LANGUAGE CODE | |
| Language code of text/sound track or separate title | eng |
| 082 04 - DEWEY DECIMAL CLASSIFICATION NUMBER | |
| Classification number | 910.3 |
| Edition number | 21 |
| Author mark and year | CLP 2003 |
| 100 1# - MAIN ENTRY--PERSONAL NAME | |
| Personal name | Clark, Audrey N. |
| 9 (RLIN) | 115565 |
| 245 14 - TITLE STATEMENT | |
| Title | The Penguin dictionary of geography / |
| Statement of responsibility, etc. | Audrey N. Clark. |
| 250 ## - EDITION STATEMENT | |
| Edition statement | 3rd ed. |
| 260 ## - PUBLICATION, DISTRIBUTION, ETC. (IMPRINT) | |
| Place of publication, distribution, etc. | London, England ; |
| -- | New York, N.Y., USA : |
| Name of publisher, distributor, etc. | Penguin Books, |
| Date of publication, distribution, etc. | 2003. |
| 300 ## - PHYSICAL DESCRIPTION | |
| Pagination | ix, 467 p. : |
| Illustrations | ill., maps ; |
| Size | 20 cm. |
| 650 #0 - SUBJECT ADDED ENTRY--TOPICAL TERM | |
| Topical term or geographic name as entry element | Geography |
| Form subdivision | Dictionaries. |
| 9 (RLIN) | 115567 |
| 942 ## - ADDED ENTRY ELEMENTS (KOHA) | |
| Source of classification or shelving scheme | Dewey Decimal Classification |
| Koha item type | Books |
| Lost status | Source of classification or shelving scheme | Damaged status | Not for loan | Collection code | Permanent Location | Current Location | Shelving location | Date acquired | Source of acquisition | Cost, normal purchase price | Total Checkouts | Full call number | Date last seen | Copy number | Koha item type |
|---|---|---|---|---|---|---|---|---|---|---|---|---|---|---|---|
| Dewey Decimal Classification | Not For Loan | Reference | Central Library, University of Rajshahi | Central Library, University of Rajshahi | 22/07/2014 | Chittagong, Battighar | 758.10 | R 910.3 CLP 2003 | 29/01/2015 | C-1 | Books |